[Event "Mentese Flowers WGM Chess-ch 2022"]
[Site "Mentese-Mugla"]
[Date "2022.02.07"]
[Round "4.5"]
[White "Darban, Morteza"]
[Black "Haussernot, Cecile"]
[Result "1/2-1/2"]
[WhiteElo "2263"]
[BlackElo "2155"]
[Annotator "TA"]
[PlyCount "64"]
[EventDate "2022.02.06"]
[EventCountry "TUR"]
[SourceTitle "playchess.com"]
[Source "ChessBase"]
[SourceQuality "1"]

{[%evp 13,64,10,12,7,5,1,13,12,10,0,21,32,28,27,32,30,30,25,47,44,47,29,52,27,89,18,20,0,0,0,0,0,0,0,16,0,0,-19,25,21,21,20,25,23,33,24,28,34,28,0,36,2,15]} 1. Nf3 Nf6 2. g3 g6 3. b3 Bg7 4. Bb2 b6 5. Bg2 Bb7 6. O-O O-O 7. c4 e6 8. Nc3 {A15: English Opening: 1...Nf6.} d5 9. cxd5 exd5 10. e3 c5 11. d4 Nbd7 12. Rc1 Rc8 13. Qe2 Ne4 14. Rfd1 {[#]} Re8 $146 ({Predecessor:} 14... Nxc3 15. Bxc3 Re8 16. Qb2 c4 17. bxc4 Rxc4 18. Bb4 Nf6 19. Ne5 Rxc1 20. Rxc1 Ne4 {1-0 (53) Gupta,A (2610)-Yanchenko,R (2436) Chess.com INT 2018}) 15. dxc5 Nxc3 16. Bxc3 Bxc3 17. Rxc3 {[%cal Oc5c6]} bxc5 {[%cal Od5d4]} 18. Qc2 Qb6 {[#]} (18... Qe7 $11 {keeps the balance.}) 19. h4 ({White should play} 19. Ne1 $1 $16) 19... Nf6 $11 20. Nd2 h5 21. Rc1 {[%cal Rc3c5]} Nd7 22. Qd1 Nf6 23. R3c2 Ba6 24. Bf1 Bb7 25. Nf3 Qd6 (25... Ne4 {is superior.}) 26. Bg2 Red8 27. Ng5 Qb6 28. Qf3 Rc7 29. Qf4 {[%cal Og5e6] aiming for Ne6!} ({Much weaker is} 29. Rxc5 Rxc5 30. Rxc5 Qxc5 $15) 29... Bc8 {To avoid Ne6} 30. Rd2 Re7 31. Rdc2 Rc7 32. Bh3 Bxh3 {Weighted Error Value: White=0.11 (very precise) /Black=0.07 (flawless)} 1/2-1/2

[Event "Mentese Flowers WGM Chess-ch 2022"]
[Site "Mentese-Mugla"]
[Date "2022.02.08"]
[Round "5.1"]
[White "Hekimoglu, Mihriban"]
[Black "Al Khatib, Ahmad"]
[Result "0-1"]
[WhiteElo "1479"]
[BlackElo "2219"]
[Annotator "TA"]
[PlyCount "158"]
[EventDate "2022.02.06"]
[EventCountry "TUR"]
[SourceTitle "playchess.com"]
[Source "ChessBase"]
[SourceQuality "1"]

{[%evp 16,158,0,0,3,-74,-72,-58,-48,-158,-36,-82,-45,-43,0,-6,64,42,60,72,77,93,102,78,142,133,134,56,75,48,58,-24,-27,-48,-9,-46,-36,-43,-29,-59,-60,-57,-63,-98,-79,-106,-101,-145,-150,-137,-145,-132,-125,-249,-247,-241,-236,-272,-131,-127,-127,-143,-137,-122,-120,-172,-172,-189,-136,-133,-108,-108,-108,-108,-98,-139,-139,-139,-137,-138,0,-127,0,-131,-108,-106,-106,-114,-114,-134,-134,-120,-129,-155,-135,-168,-168,-168,-168,-203,-199,-199,-163,-172,-149,-170,-168,-189,-158,-158,-151,-168,-169,-176,-173,-174,-153,-196,-191,-232,-232,-230,-210,-337,-337,-1166,-969,-5135,-5003,-1137,-1098,-1245,-1130,-29973,-1093,-29989,-29979,-29975,-1390,-5418,-1049,-1014,-989,-1939,-1002]} 1. e4 c6 2. d4 d5 3. Nd2 dxe4 4. Nxe4 Nf6 5. Nxf6+ exf6 6. Nf3 Bd6 7. Bd3 O-O 8. O-O Bg4 9. c3 Nd7 {B15: Caro-Kann: 3 Nc3: 3...g6 and 3...dxe4 4 Nxe4 Nf6 5 Nxf6+ exf6.} 10. Qc2 (10. Re1 $11 {keeps the balance.}) 10... Bxf3 $17 11. gxf3 ({Avoid the trap} 11. Bxh7+ $2 Kh8 12. Bf5 (12. gxf3 $2 g6 $19) 12... Bh5 $17) 11... g6 {[#] Black is slightly better.} 12. Be3 $146 {[#]} (12. h4 $15) ({Predecessor:} 12. Kh1 Qc7 13. h3 Rfe8 14. Be3 Nb6 15. c4 c5 16. b4 cxd4 17. Bxd4 Be5 18. Bxe5 Qxe5 {1-0 (62) Czernek,T (2163)-Jarmula,L (2454) Warsaw 2021}) 12... Qa5 (12... f5 $1 $17 {...Qh4 is the strong threat.} 13. f4 Qh4) 13. f4 (13. Kg2 $15 {is more appropriate.}) 13... Qh5 14. Qd1 {Inhibits Qg4+.} Qh6 15. Qg4 Rfd8 ({Black should try} 15... Nb6 $11) 16. h4 $14 Qg7 17. f5 c5 18. Kh1 cxd4 19. cxd4 Bf8 (19... Nb6 $142) 20. Rac1 $16 Nb6 21. Be4 (21. Rc7 $16) 21... Nd5 $14 22. Qf3 Nxe3 23. Qxe3 (23. fxe3 $14 Qh6 24. Rc2 (24. Bxb7 Rab8 $15)) 23... Rd7 $11 24. h5 Qh6 25. Bf3 Rad8 26. Rcd1 g5 27. Rd3 Bd6 28. Rfd1 Qf8 29. Qd2 Bb8 30. Be4 Qd6 {[%csl Gb8][%cal Rd6h2]} 31. f3 (31. Rh3 $142) 31... Qg3 $17 {[%cal Od7d4]} 32. Qg2 Qh4+ 33. Kg1 Qxh5 34. Kf2 (34. Qh1 $17 {might work better.} Qxh1+ 35. Kxh1) 34... Qh4+ $19 35. Ke2 {[#]} Qf4 $1 36. Qh3 Qg3 (36... Kg7 $19 {[%cal Oh7h5] and Black stays clearly on top. Strongly threatening ...h5!} 37. Qh5 (37. Rh1 $2 Rxd4 38. Qxh7+ Kf8 $19) 37... Qg3) 37. Qxg3 $17 Bxg3 38. Kf1 h5 39. Kg2 Bf4 40. Kh3 (40. Rc3 $17) 40... Rc8 $19 41. Rc3 {Prevents Rc2.} Rdc7 (41... Rxc3 $19 42. bxc3 Rc7) 42. Rdd3 $17 {[%cal Oe4b7]} b6 43. Rxc7 Rxc7 {[%mdl 4096] Endgame KRB-KRB} (43... Bxc7 $2 44. Rc3 $18) 44. Rc3 {Inhibits Rc2.} Rd7 45. Rd3 (45. Rc8+ $142 Kg7 46. d5) 45... Kf8 46. Bc6 Re7 47. Be4 Rd7 48. Bc6 $1 Re7 {( -> ...Re2)} 49. Be4 $1 Ke8 {White is now going downhill.} 50. Rc3 Kd8 51. Rc6 Rd7 52. d5 Ke7 53. b3 Rd8 54. Rc4 Bb8 {Black is more active.} 55. Kg2 Kd6 56. Rc2 Ke5 57. Rc6 Bd6 58. Rc4 Bc5 59. b4 Bd6 60. b5 Bc5 61. Rc2 Kd6 62. Kg3 Ra8 63. a4 a6 64. Bd3 axb5 65. Bxb5 Ra7 66. Re2 (66. Rh2 $17 {was called for.}) 66... Kxd5 $19 67. Re8 (67. Kg2 $142) 67... Rc7 68. Bd3 Kd4 69. Rd8+ (69. Bb5 $142) 69... Ke3 {Hoping for ...Bd4.} 70. Be4 $2 (70. Ba6 Bd4 71. Rc8) 70... Bd4 71. Re8 Be5+ 72. Kg2 Rd7 {aiming for ...Rd2+.} 73. Rh8 Rd2+ 74. Kg1 h4 (74... g4 $142 75. Rc8 gxf3 76. Bxf3 Kxf3 77. Rc1 Bd4+ 78. Kf1 Be3 79. Ke1 Rg2 80. Kd1 Bxc1 81. Kxc1 h4 82. a5 h3 83. Kd1 h2 84. axb6 h1=Q#) 75. Rh7 Bh2+ 76. Kf1 Bg3 (76... g4 $142 77. Rxh4 g3 78. Rg4 g2+ 79. Ke1 g1=Q+ 80. Rxg1 Bxg1 81. Bb7 Bh2 82. Ba6 Bg3+ 83. Kf1 Kxf3 84. Bb7+ Kf4 85. Bc6 Kxf5 86. Be8 Ke5 87. Bc6 f5 88. Kg1 f4 89. a5 bxa5 90. Kh1 a4 91. Bf3 a3 92. Kg1 a2 93. Be2 Rxe2 94. Kf1 Rf2+ 95. Kg1 a1=Q#) 77. Rh8 {Black is clearly winning.} Be5 (77... Rd1+ $142 78. Kg2 g4) 78. Bc6 Kf4 79. Be4 Kg3 {Weighted Error Value: White=0.20 (precise) /Black=0.22 (precise)} 0-1

[Event "Mentese Flowers WGM Chess-ch 2022"]
[Site "Mentese-Mugla"]
[Date "2022.02.08"]
[Round "5.2"]
[White "Ince, Safiye Oyku"]
[Black "Sibashvili, Giorgi"]
[Result "0-1"]
[WhiteElo "1893"]
[BlackElo "2399"]
[Annotator "TA"]
[PlyCount "68"]
[EventDate "2022.02.06"]
[EventCountry "TUR"]
[SourceTitle "playchess.com"]
[Source "ChessBase"]
[SourceQuality "1"]

{[%evp 9,68,0,8,15,12,9,12,14,2,4,0,-11,-12,-12,-4,-12,0,-9,-17,-21,-17,-45,-32,-37,-28,-72,0,-4,0,-12,0,-38,-20,-67,-55,-72,-48,-53,-77,-74,-64,-71,-48,-221,-222,-228,-205,-455,-437,-353,-162,-485,-485,-572,-408,-737,-722,-5631,-5605,-5410,-5406]} 1. e4 e5 2. Nc3 Nf6 3. g3 Bc5 4. Bg2 c6 5. Nge2 d5 6. exd5 {C26: Vienna Game: 2...Nf6, sidelines .} cxd5 7. d4 exd4 8. Nxd4 {Threatening Qe2+. The position is equal.} O-O {...Re8+ is the strong threat.} 9. O-O Bg4 10. Qd3 Bxd4 11. Qxd4 {[%cal Rc3d5]} Nc6 12. Qc5 d4 13. Ne4 Nxe4 14. Bxe4 Re8 {[#]} 15. f3 $146 {[#]} ({Predecessor:} 15. Bg5 f6 16. Qd5+ Kh8 17. Bf4 Qb6 18. f3 Be6 19. Qh5 Bg8 20. Kh1 Rac8 21. a4 {0-1 (34) Hinrichs,L (2232)-Schroeder,J (2577) Karlsruhe 2019}) 15... Re5 $1 16. Qc4 Bh3 {White must now prevent ...Na5.} 17. Re1 (17. Rf2 $11) 17... Qb6 ({Black should play} 17... Bf5 $1 $17) 18. Bd2 Rae8 {[%cal Oe5e4,Ba8e8,Be8e7,Be7e3,Be3e2][%mdl 32]} 19. Qd3 Nb4 20. Bxb4 (20. Bxh7+ $2 Kh8 21. Bxb4 Qxb4 22. Rxe5 Rxe5 $19) (20. Qb3 $5 {[%cal Rb3b4]} a5 21. a3 $14) 20... Qxb4 21. f4 (21. Bxh7+ $2 Kh8 22. Rxe5 Rxe5 $19) (21. Kf2 $11) 21... R5e7 {[%cal Oh3f5] Threatens to win with ...Bf5!} 22. Bxh7+ Kh8 23. Rxe7 Rxe7 24. Be4 f5 $36 {[%mdl 3072] Black has strong compensation. Black is pushing.} 25. Bg2 Re3 $1 {Black is more active.} 26. Qd1 {White does not recover from this.} (26. Qf1 $1 $15 Bxg2 27. Qxg2) 26... Bg4 $1 $19 (26... Bxg2 27. Kxg2 d3 28. Kh3 $17 (28. cxd3 Qxb2+ 29. Kg1 Re2 $17) (28. Qh5+ Kg8 $17)) 27. Qc1 {[#]} Qc5 $1 28. Kh1 $2 ({Avoid the trap} 28. Bxb7 $2 d3 29. Kh1 Re2 $19) (28. b4 {is a better defense.} Qxb4 29. Bf1) 28... Re2 29. h3 {[#]} Bh5 (29... Rxc2 $142 $1 30. Qe1 (30. Qb1 $2 d3 $19) 30... Be2) 30. Qf1 (30. Qd1 {was the crucial defense.} Qxc2 31. Qxc2 Rxc2 32. Bf1) 30... Qxc2 31. Rc1 Qxb2 {Hoping for ...d3.} 32. Rc8+ (32. g4 $142 fxg4 33. Rc5) 32... Kh7 {Strongly threatening ...Qd2. Black is clearly winning.} 33. Bd5 Qd2 34. Bg8+ Kh6 {Weighted Error Value: White=0.88/Black=0.18 (very precise)} 0-1

[Event "Mentese Flowers WGM Chess-ch 2022"]
[Site "Mentese-Mugla"]
[Date "2022.02.08"]
[Round "5.3"]
[White "Boshra, Alshaeby"]
[Black "Huseyinoglu, Alihan"]
[Result "0-1"]
[WhiteElo "1911"]
[BlackElo "2312"]
[Annotator "TA"]
[PlyCount "86"]
[EventDate "2022.02.06"]
[EventCountry "TUR"]
[SourceTitle "playchess.com"]
[Source "ChessBase"]
[SourceQuality "1"]

{[%evp 18,86,8,5,12,3,24,12,24,29,26,0,54,57,60,52,78,54,62,43,49,0,47,31,32,-32,-34,-29,-31,-34,-29,-34,-28,-25,-37,-34,-29,-29,-14,-25,-20,-20,-18,-41,-39,-68,-28,-135,-137,-135,-137,-133,-131,-175,-167,-215,-175,-571,-571,-820,-820,-29964,-29950,-4902,-2937,-29969,-29968,-29968,-1976,-29970,-29970]} 1. e4 c5 2. Nf3 Nc6 3. Nc3 g6 4. d4 cxd4 5. Nxd4 Bg7 6. Be3 Nf6 7. Bc4 O-O 8. Bb3 d6 9. f3 Bd7 10. O-O {10.h4 is the modern continuation.} Rc8 {B76: Sicilian Dragon: Yugoslav Attack, 9 g4 and 9 0-0-0.} 11. Re1 Ne5 12. Qd2 Nc4 {The position is equal.} 13. Bxc4 Rxc4 14. Nd5 {[#]} Be6 $146 (14... Nxd5 $11 15. exd5 b5) ({Predecessor:} 14... Re8 15. c3 e6 16. Nxf6+ Bxf6 17. Nb3 Rc6 18. Rad1 Qc7 19. Bf4 e5 20. Be3 Be6 {0-1 (41) Allahverdi,M-Belousov,D (2351) St Petersburg 2009}) 15. b3 $14 Rc8 16. c4 a6 17. Rad1 Bxd5 18. exd5 Re8 19. Bh6 (19. Bf2 $14) 19... Bh8 (19... Bxh6 $11 {deserves consideration.} 20. Qxh6 b5) 20. Kh1 Qd7 21. f4 ({White should play} 21. Bg5 $14) 21... b5 $1 $15 22. Rc1 bxc4 23. bxc4 Ng4 24. Bg5 Qa7 $1 25. h3 {[#] Threatens to win with Nc6.} Qxd4 26. Qxd4 Bxd4 27. hxg4 f6 $36 {[%mdl 2048] White is under pressure.} 28. Bh4 Kf7 29. Re4 Bc5 30. Rce1 Rc7 31. Rb1 Rh8 (31... e5 $5 {[%cal Rf6f5]}) 32. Rb3 {[#]} (32. f5 $11) 32... h5 $1 $17 33. g5 f5 34. Re2 Bd4 35. Ra3 (35. Rb4 $17) 35... Rxc4 $19 36. Rxa6 (36. Bf2 $142) 36... Rb8 {White must now prevent ...Rb1+.} 37. Be1 $2 (37. Bf2 {is tougher.}) 37... Rb1 38. Kh2 Rcc1 39. Bf2 Bxf2 40. Rxf2 h4 {[%csl Gb1][%cal Rc1h1,Bh5h4,Bh4h3][%mdl 32]} 41. g3 Rh1+ 42. Kg2 h3+ 43. Kf3 Rhf1 {Weighted Error Value: White=0.80/Black=0.07 (flawless)} ({Inferior is} 43... h2 44. Kg2 $11) 0-1

[Event "Mentese Flowers WGM Chess-ch 2022"]
[Site "Mentese-Mugla"]
[Date "2022.02.08"]
[Round "5.5"]
[White "Haussernot, Cecile"]
[Black "Kirilmaz, Emre"]
[Result "0-1"]
[WhiteElo "2155"]
[BlackElo "2229"]
[Annotator "TA"]
[PlyCount "76"]
[EventDate "2022.02.06"]
[EventCountry "TUR"]
[SourceTitle "playchess.com"]
[Source "ChessBase"]
[SourceQuality "1"]

{[%evp 9,76,20,25,21,13,-33,30,22,56,32,33,31,56,0,0,0,0,-82,-83,-70,-8,-108,-105,-120,-115,-152,-137,-186,-102,-111,-109,-305,-300,-315,-290,-300,-300,-301,-207,-446,-422,-470,-459,-464,-386,-381,-372,-636,-590,-784,-580,-814,-789,-782,-778,-1023,-932,-6660,-6628,-2932,-6203,-5724,-5326,-5814,-5385,-29983,-29984,-29979,-6141]} 1. e4 c6 2. d4 d5 3. e5 c5 4. dxc5 Nc6 5. Nf3 Bg4 6. c3 {B12: Caro-Kann: Advance Variation.} e6 7. Bb5 (7. Be3 $11) 7... Qc7 (7... Bxf3 $15 8. Qxf3 Bxc5) 8. Be3 $11 {White has an edge.} Nge7 9. Bd4 g6 {[#]} 10. O-O $146 ({Predecessor:} 10. h3 Bxf3 11. Qxf3 Bg7 12. Qe2 O-O 13. Bxc6 Nxc6 14. f4 Nxd4 15. cxd4 b6 16. c6 Qxc6 {0-1 (37) Gajewski,G (2143)-Szablewski,M (2055) Zamosc 1999}) 10... Bh6 11. h3 ({Better is} 11. Bxc6+ $14 Nxc6 12. Na3) 11... Bxf3 12. Qxf3 O-O 13. Qe2 (13. Bxc6 $11 Nxc6 14. Na3) 13... Nxd4 $17 14. cxd4 b6 (14... a6 $1 $15 15. Ba4 b6) 15. b4 (15. c6 $1 $11) 15... a5 16. Nd2 axb4 17. Nb3 bxc5 18. dxc5 (18. Nxc5 $17 Nf5 19. Nb3) 18... Rfb8 (18... Bf4 $19 19. Rfe1 Rfb8) 19. f4 Nf5 {[%cal Be7f5,Bf5d4,Bd4b3,Bb3d2][%mdl 32]} 20. Rf3 {[#] Inhibits Ng3. This move loses the game for White.} (20. Kh2 $17 {was the only defense.}) 20... Ra3 $1 $19 {[%cal Oa3b3] ...Rxb3! is the strong threat.} 21. Bd3 {[#]} Rxb3 $1 {[%mdl 512]} 22. axb3 {Threatens to win with Bxf5.} Nd4 23. Qe3 Bf8 {[%cal Bh6f8,Bf8c5,Bc5e3][%mdl 32]} ({And not} 23... Nxb3 24. Rb1 Bf8 25. Qe1 (25. Rxb3 $2 Bxc5 26. Qf2 Bxf2+ $19) 25... Bxc5+ 26. Kh2 $17) (23... Qxc5 24. Rf2 $17) 24. Rc1 ({Wrong is} 24. Qxd4 $2 Bxc5 25. Qxc5 Qxc5+ 26. Kh2 Rc8 $19) (24. Rd1 {was necessary.}) 24... Nxb3 25. Rc2 Bxc5 26. Kh1 {[%cal Od3g6]} Bxe3 27. Rxc7 Bb6 28. Rd7 (28. Rc2 Nd4 29. Rf1) 28... Nd2 29. Rg3 Bf2 30. Rg4 h5 31. Rg5 Ne4 32. Bxe4 dxe4 {[%mdl 4096] Endgame KRR-KRB} 33. g3 b3 {( -> ...b2)} 34. Rd1 b2 (34... Be3 $142 35. Rb1 b2) 35. Rb1 Be3 {aiming for ...Bc1.} 36. Kg2 Bc1 37. Kf1 Ra8 38. Ke2 Ra1 {Weighted Error Value: White=1.10/Black=0.17 (very precise)} 0-1

[Event "Mentese Flowers WGM Chess-ch 2022"]
[Site "Mentese-Mugla"]
[Date "2022.02.08"]
[Round "6.1"]
[White "Sibashvili, Giorgi"]
[Black "Hekimoglu, Mihriban"]
[Result "1-0"]
[WhiteElo "2399"]
[BlackElo "1479"]
[Annotator "TA"]
[PlyCount "35"]
[EventDate "2022.02.06"]
[EventCountry "TUR"]
[SourceTitle "playchess.com"]
[Source "ChessBase"]
[SourceQuality "1"]

{[%evp 23,35,47,111,99,120,120,118,120,123,131,120,125,801,773]} 1. d4 d5 2. c4 e6 3. Nf3 Nf6 4. g3 Be7 5. Bg2 O-O 6. O-O b6 7. cxd5 exd5 8. Nc3 c5 9. Ne5 Bb7 10. Bf4 Nc6 11. dxc5 Nxe5 12. Bxe5 bxc5 {[#]} ({Black should try} 12... Bxc5 $14 13. Qa4 Ne4) 13. Qb3 $1 $16 {E18: Queen's Indian: Old Main Line (4 g3 Bb7 5 Bg2 Be7 6 0-0 0-0 7 Nc3).} Qb6 14. Nxd5 Bxd5 15. Bxd5 Nxd5 16. Qxd5 {[#]} Rad8 $146 ({Predecessor:} 16... Bf6 17. Bxf6 Qxf6 18. b3 Rac8 19. Rad1 Rfd8 20. Qb7 Qb2 21. Rd7 Rf8 22. Rxf7 Rxf7 23. Qxc8+ {1-0 (52) Minzer,C (2364)-Gutierrez Castillo,O (2196) Mancha Real 2002}) 17. Qc4 {White is more active.} Rd7 $2 {[%mdl 8192] [#]} (17... a5 $16 18. Rac1 Qb4) 18. Qg4 {[%csl LRd7,LRg7] Black did not feel at home in the position after the opening.  Weighted Error Value: White=0.00 (flawless) /Black=0.43} 1-0

[Event "Mentese Flowers WGM Chess-ch 2022"]
[Site "Mentese-Mugla"]
[Date "2022.02.08"]
[Round "6.2"]
[White "Huseyinoglu, Alihan"]
[Black "Ince, Safiye Oyku"]
[Result "1-0"]
[WhiteElo "2312"]
[BlackElo "1893"]
[Annotator "TA"]
[PlyCount "85"]
[EventDate "2022.02.06"]
[EventCountry "TUR"]
[SourceTitle "playchess.com"]
[Source "ChessBase"]
[SourceQuality "1"]

{[%evp 9,85,0,7,0,11,3,10,6,13,0,0,5,18,4,31,27,74,28,34,23,42,39,33,35,40,33,52,43,100,88,94,35,28,0,0,0,0,0,0,0,0,0,102,102,102,102,102,47,47,47,47,47,150,150,610,324,953,832,1082,973,1163,1008,1491,647,4419,1290,1231,1151,5539,4564,29964,29964,29977,29978,29978,29979,29977,29978]} 1. d4 Nf6 2. c4 e6 3. Nc3 Bb4 4. Qc2 O-O 5. e4 d6 6. Bd3 {E32: Nimzo-Indian: Classical (4 Qc2): 4...0-0.} e5 7. d5 Nbd7 8. Nge2 {The position is equal.} Nc5 9. a3 Bxc3+ 10. Nxc3 a5 {[#]} 11. Be2 $146 ({Predecessor:} 11. O-O a4 12. Be3 Nfd7 13. Rae1 b6 14. Be2 Bb7 15. f4 exf4 16. Rxf4 Qe8 17. Nb5 Qd8 18. Nd4 Ne5 19. Ref1 Bc8 20. h3 Bd7 21. R4f2 Qe7 {½-½ (21) Churm,R (2168)-Bushill,M Scarborough 1999}) 11... Ne8 12. Be3 b6 (12... f5 $11) 13. O-O (13. g4 $16) 13... f5 $11 14. f4 exf4 15. Rxf4 {[%cal Re4f5]} g5 16. Rf2 {[%cal Re4f5]} f4 17. Bd4 Nf6 18. h4 Ng4 ({Better is} 18... Nfd7 $14) 19. Bxg4 $16 Bxg4 {[#]} 20. Raf1 (20. Nb5 $1 $16) 20... Rf7 $1 $14 21. hxg5 (21. e5 {keeps more tension.} dxe5 22. Bxe5 Qe7 23. Bd4 Re8 24. Bxc5 Qxc5 25. hxg5 Qxc4 26. g6) 21... Qxg5 {And now ...Raf8 would win.} 22. Be3 {[%cal Rf2f4]} Raf8 23. Rxf4 Rxf4 24. Rxf4 Rxf4 25. Qd2 Nb3 {[#]} 26. Bxf4 $1 $16 Nxd2 27. Bxg5 Nxc4 {[%mdl 4096] Endgame [#] KBN-KBN} 28. Bd8 (28. b3 $1 $16 {[%cal Rb3c4]} Nxa3 29. Bd8) 28... Nxb2 $14 29. Bxc7 Nc4 30. Nb5 Bd7 (30... Be2 $14) 31. Nxd6 $16 Nxd6 {Loses the game.} (31... Nxa3 $16 32. e5 (32. Bxb6 Nb5 $18) 32... Nb5) 32. Bxd6 {KB-KB} b5 $2 (32... Bb5 33. Kf2 Bd3) 33. Kf2 $18 Kf7 34. Ke3 h5 35. g3 Bg4 36. Kf4 (36. e5 $142 Bd1 37. e6+ Kf6 38. Kd4) 36... Ke8 37. Bc5 (37. e5 $142 Be2 38. e6) 37... Bh3 38. Ke5 {Strongly threatening Kd6.} Kd7 39. Kd4 {White wants to mate with e5.} Bg2 40. e5 {[%cal Be4e5,Be5e6][%mdl 32] White mates.} Bf3 41. e6+ Ke8 42. Ke5 Bg2 43. d6 {Weighted Error Value: White=0.26 (precise) /Black=0.56} 1-0

[Event "Mentese Flowers WGM Chess-ch 2022"]
[Site "Mentese-Mugla"]
[Date "2022.02.08"]
[Round "6.3"]
[White "Darban, Morteza"]
[Black "Boshra, Alshaeby"]
[Result "1-0"]
[WhiteElo "2263"]
[BlackElo "1911"]
[Annotator "TA"]
[PlyCount "91"]
[EventDate "2022.02.06"]
[EventCountry "TUR"]
[SourceTitle "playchess.com"]
[Source "ChessBase"]
[SourceQuality "1"]

{[%evp 18,91,57,45,58,55,62,49,54,62,80,75,77,54,84,74,79,78,98,78,117,114,133,135,137,125,133,151,155,122,108,128,124,102,184,81,106,90,120,150,164,181,202,201,200,212,557,554,747,772,619,787,760,771,710,609,519,504,850,921,838,830,767,457,1382,1365,1739,1666,29974,29976,29975,29977,29977,29977,29977,29978]} 1. c4 Nf6 2. Nc3 g6 3. e4 d6 4. d4 Bg7 5. Nge2 O-O 6. Ng3 c5 7. d5 e6 8. Be2 exd5 9. cxd5 {9.cxd5 is better than 9.exd5.} a6 10. a4 b6 {A65: Modern Benoni: 6 e4.} 11. O-O Nbd7 {[%cal Bb8d7,Bd7e5,Be5f7,Bf7h6,Bh6g4][%mdl 32] [#]} 12. Rb1 $146 ({Predecessor:} 12. Bf4 Qe7 13. Qd2 Re8 14. Rad1 Ra7 15. Bh6 Bxh6 16. Qxh6 Nf8 17. f4 Bg4 18. e5 dxe5 19. d6 {1-0 (82) Alvarez Pedraza,A (2544)-Guerrero Sierra,J (2250) Bogota 2012}) 12... Ne8 {White is slightly better.} 13. Bf4 Ne5 14. Qd2 Ra7 15. Bh6 f6 16. Bxg7 (16. Be3 {feels hotter.} h5 17. f4 Nd7 18. Bf3 h4 19. Nge2) 16... Nxg7 17. f4 Nf7 18. Bd3 Kh8 19. b4 f5 20. bxc5 bxc5 21. exf5 gxf5 22. Nd1 {White is much more active.} Nh6 23. Qc3 Ng4 24. h3 Nf6 25. Ne3 {[%cal Rg3f5]} Qe8 26. Ngxf5 ({Inferior is} 26. Nexf5 Nxd5 27. Qa1 Nb4 $11) (26. Bxf5 $18 Bxf5 27. Ngxf5) 26... Bxf5 $16 27. Bxf5 ({Much less strong is} 27. Nxf5 Nxd5 28. Qa1 Qg6 $14) 27... Re7 28. Be6 Qxa4 {[#]} 29. f5 $1 {[%cal Bf4f5,Bf5e6][%mdl 32] Hoping for Nc4.} Qd4 30. Qxd4 cxd4 31. Nc4 Nxe6 $2 (31... Nge8 {is more resistant.} 32. Rb6 Nc7 33. Rxd6 Rb8) 32. fxe6 $18 Kg8 33. Nxd6 Nxd5 34. Rxf8+ Kxf8 {[%mdl 4096] Endgame KRN-KRN} 35. Rb8+ Kg7 36. Nf5+ Kf6 37. Nxe7 Kxe7 {KR-KN} (37... Nxe7 $142 38. Rd8 Nf5) 38. Rb7+ Kxe6 39. Rxh7 d3 40. Kf2 Ke5 (40... Nf4 $142) 41. Ke1 {Rh5+ would kill now.} Ke4 42. Kd2 {White threatens Rh4+ and mate.} Nf4 43. Rh4 {White mates.} Kf5 {[#]} 44. Rxf4+ $1 {[%mdl 512]} Kxf4 45. Kxd3 Kg3 46. Kc4 {Weighted Error Value: White=0.18 (very precise) /Black=0.54} 1-0

[Event "Mentese Flowers WGM Chess-ch 2022"]
[Site "Mentese-Mugla"]
[Date "2022.02.08"]
[Round "6.5"]
[White "Al Khatib, Ahmad"]
[Black "Haussernot, Cecile"]
[Result "1-0"]
[WhiteElo "2219"]
[BlackElo "2155"]
[Annotator "TA"]
[PlyCount "65"]
[EventDate "2022.02.06"]
[EventCountry "TUR"]
[SourceTitle "playchess.com"]
[Source "ChessBase"]
[SourceQuality "1"]

{[%evp 10,65,9,0,7,2,19,0,0,0,21,0,27,23,6,-12,56,5,21,9,6,0,52,-62,-50,-72,0,13,10,4,37,39,29,16,17,0,0,0,12,7,38,-23,0,-14,0,-8,-8,-30,-23,-22,33,-12,38,-18,-41,-23,-29,-89]} 1. e4 c5 2. Nf3 Nf6 {[%cal Bg8f6,Bf6d7,Bd7e5,Be5f3][%mdl 32]} 3. Nc3 d5 4. e5 Nfd7 5. Nxd5 Nxe5 6. Ne3 Nxf3+ {B02: Alekhine's Defence: Chase Variation and lines with early Nc3.} 7. Qxf3 Nc6 8. Bc4 e6 {[#] The position is equal.} 9. b3 $146 ({Predecessor:} 9. Qg3 a6 10. c3 g6 11. O-O Bg7 12. f4 O-O 13. Be2 Ne7 14. d3 b6 15. Bd2 {½-½ (47) Kritz,L (2578)-Paehtz,E (2456) Germany 2006}) 9... Nd4 10. Qg3 b5 11. Bd3 {Threatening c3.} a6 12. Bb2 Qd6 (12... Bb7 $11) 13. Be4 (13. a4 $14 Qxg3 14. hxg3) 13... Ra7 14. c3 Nf5 15. Qf3 Ne7 (15... Nh4 $11 16. Qg3 Nf5 17. Qxd6 Bxd6) 16. Rd1 (16. O-O $14) 16... f5 $15 17. Bb1 f4 ({Black should play} 17... Bb7 $17 18. Qh3 Ng6) 18. Nf1 $11 g6 19. d4 $36 {[%mdl 2048] aiming for c4. White has some pressure.} Bg7 (19... Bb7 $5 {[%cal Rb7f3]} 20. Be4 Bxe4 21. Qxe4 Bg7 $11) 20. Nd2 {Black must now prevent Ne4.} cxd4 21. O-O O-O 22. Ne4 Qb6 23. cxd4 Bb7 24. Qh3 {[#] And now Ng5 would win.} Nf5 {[%cal Rf5d4]} 25. Nc5 (25. Ng5 $14 h6 26. Nf3) 25... Bd5 26. b4 a5 27. a3 f3 {Hoping for ...axb4.} 28. g3 Bc4 29. Rfe1 Be2 (29... axb4 $11 30. axb4 Be2) 30. Rd2 (30. Ba2 $14 {was preferrable.} Re8 31. g4) 30... Re8 (30... axb4 $11 31. axb4 Bc4) 31. d5 ({White should try} 31. Bd3 $14) 31... Bxb2 32. Rxb2 Qd6 33. Rd2 {[%mdl 32768] Weighted Error Value: White=0.23 (precise) /Black=0.22 (precise) . Loss on time!?} (33. g4 $1 $11 axb4 34. Ne4) 1-0